000 00258nam a2200097Ia 4500
001 724684
005 20250826163355.0
008 250824s9999 xx 000 0 und d
245 0 _aistanbul, ilk romanımda leylâK
_cSELİM İLERİ
260 _bEVEREST YAYINLARI
999 _c724684
_d724684